LEADER 03859nam 22006135 450 001 9910617307003321 005 20251113184818.0 010 $a9783031181955$b(electronic bk.) 010 $z9783031181948 024 7 $a10.1007/978-3-031-18195-5 035 $a(MiAaPQ)EBC7118621 035 $a(Au-PeEL)EBL7118621 035 $a(CKB)25171049800041 035 $a(DE-He213)978-3-031-18195-5 035 $a(EXLCZ)9925171049800041 100 $a20221017d2022 u| 0 101 0 $aeng 135 $aurcnu|||||||| 181 $ctxt$2rdacontent 182 $cc$2rdamedia 183 $acr$2rdacarrier 200 10$aArts, Entrepreneurship, and Innovation /$fedited by Joanna Woronkowicz 205 $a1st ed. 2022. 210 1$aCham :$cSpringer Nature Switzerland :$cImprint: Springer,$d2022. 215 $a1 online resource (225 pages) 311 08$aPrint version: Woronkowicz, Joanna Arts, Entrepreneurship, and Innovation Cham : Springer,c2022 9783031181948 320 $aIncludes bibliographical references. 327 $aArts, Entrepreneurship, and Innovation -- Who is an artist? Heterogeneity and professionalism among visual artists -- What Makes an Artrepreneur? -- Flocking to the crowd: Cultural entrepreneur mobility guided by homophily, market size, or amenities? -- Economies of scope in artists? incubator projects -- Direct memberships in foreign copyright collecting societies as an entrepreneurial opportunity for music publishers ? needs, challenges, opportunities and solutions -- Do museums foster innovation through engagement with the cultural and creative industries? -- Innovation and diversity in the digital cultural and creative industries -- Diana S. Greenwald: Painting by numbers?data-driven histories of nineteenth-century art, Princeton University Press, 2021 -- List of Reviewers. 330 $aThis book is the third publication out of the Arts, Entrepreneurship, and Innovation (AEI) Lab that focuses exclusively on research that empirically investigates crossovers between arts, entrepreneurship and innovation. This volume does so specifically by using the lens of cultural economics. The chapters in this volume have been chosen not only because they have clear implications for policy and practice, but also because they contribute to theories of value creation in the cultural and creative industries. As a whole, this book addresses relationships between arts, entrepreneurship and innovation for workers, firms, and industry to bring clarity to how value is created in the arts. Previously published in Journal of Cultural Economics Volume 45, issue 4, December 2021 Chapters ?Direct Memberships in Foreign Copyright Collecting Societies as an Entrepreneurial Opportunity for Music Publishers ? Needs, Challenges, Opportunities and Solutions? and ?Do MuseumsFoster Innovation Through Engagement with the Cultural and Creative Industries?? are available open access under a Creative Commons Attribution 4.0 International License via link.springer.com. 606 $aArt$xPhilosophy 606 $aCulture$xStudy and teaching 606 $aBusiness ethics 606 $aTechnological innovations 606 $aTheory of Arts 606 $aCultural Studies 606 $aBusiness Ethics 606 $aEconomics of Innovation 615 0$aArt$xPhilosophy. 615 0$aCulture$xStudy and teaching. 615 0$aBusiness ethics. 615 0$aTechnological innovations. 615 14$aTheory of Arts. 615 24$aCultural Studies. 615 24$aBusiness Ethics. 615 24$aEconomics of Innovation. 676 $a060 676 $a338.477 702 $aWoronkowicz$b Joanna 801 0$bMiAaPQ 801 1$bMiAaPQ 801 2$bMiAaPQ 912 $a9910617307003321 996 $aArts, Entrepreneurship, and Innovation$92953647 997 $aUNINA